Регионална библиотека "Любен Каравелов" - Русе

Кооперацията - самодейна социалистическа стопанска организация (Запис номер 386035)

MARC детайли
000 -Лидер
Контролно поле с фиксирана дължина nam a22 a 4500
003 - Код на организацията, давaща контролен номер
Контролно поле BLK
005 - Дата и час на последна редакция
Контролно поле 20200827145700.0
008 - Елементи от данни с фиксирана дължина
fixed length control field 200827b bu ||||| |||| 00| 0 bu d
040 ## - Източник на каталожния запис
Идентификатор на билиотеката - собственик на записа BLK
041 ## - Код за език
Код за езика на текст/звукозапис или на отделно заглавие Български
Код за езика КДБФ Български
080 ## - УДК
Текстов определител УДК Кооперативни стопанства, трудово-кооперативни земеделски стопанства
УДК код - определител по УДК 631.115.9
УДК определител (497.2)
УДК - код + определител 631.115.9(497.2)
100 1# - Редна дума - Автор
Автор Желев, Стефан
Авторска отговорност Първи автор
R(LIN) 432256
139 ## - Редно поле
Редна дума Желев, Стефан
245 10 - Сведения за заглавието
Заглавие Кооперацията - самодейна социалистическа стопанска организация
Подзаглавни данни [Очерк]
Редно поле (дума) Стефан Желев; Стефан Желев Димов; Димов Желев.
257 ## - Страна на издаване
Страна на създаване/издаване България
260 ## - Област на издателските данни
Място на издаване, разпространение и проч. София
Име на издателя, разпространителя и проч. Наука и изкуство
Година на издаване 1984
Печатница Ямбол : Г. Димитров
300 ## - Физическа характеристика
Страници 120 с.
Размери/Мащаб 17 см
380 ## - Жанр
Жанр Селско стопанство
490 1# - СЕРИИ (Колекции)
Име на серия Библиотека Проблеми и задачи на кооперативното движение в НРБ
№: серия 5
500 ## - Общи забележки
Забележка Пълното име на авт. е Стефан Желев Димов. - Изд. на ЦКС. 5 089 тир.
700 1# - Други автори (авторска отговорност)
Лично име Димов, Стефан Желев
9 (RLIN) 432257
700 1# - Други автори (авторска отговорност)
Лично име Желев, Димов
9 (RLIN) 432258
852 ## - Местоположение
Форматна сигнатура Цб І 21428
Фондова буква Хранилище
856 4# - Електронен адрес и достъп
Електронен формат pdf - файл
Път до файла /url/
856 4# - Електронен адрес и достъп
Електронен формат pdf - файл
Път до файла /url/
999 ## - СИСТЕМНИ КОНТРОЛНИ НОМЕРА
Koha biblionumber 386035
Koha biblioitemnumber 386035
942 ## - АРТИКУЛИ
Вид на библиотечния материал Книги
Скрит в OPAC Не
Периодичен библиозапис Да
944 ## - СЪЗДАВАНЕ И РЕДАКЦИЯ на ЗАПИСА
Създаване/Редакция Създаване
Дата на регистрацията/редакция 2020-08-27
Служител, извършил регистрацията/редакцията К.Д.
Наличности
Код за отписване Код за изгубен артикул Източник на класификационната схема Код за повреда Коз за рестрикции Код за отдаване Артикулен № Име на библиотеката - собственик Име на библиотеката, в която се намира в момента Статус (Текущо местоположение) Дата на вписване в системата Местоположение - отдел Цена в лева Инвентарен номер Систематично азбучна сигнатура Баркод Цена в евро Служебен тип на артикула
  Не е изгубен Universal Decimal Classification Не е повреден само за читалня ползва се в читалня 795358 Регионална библиотека "Любен Каравелов" Русе Регионална библиотека "Любен Каравелов" Русе Хранилище 2020-08-28 Хранилище 0.00 415826 Цб І 21428 120000415826 0.00 Книги
Vip Innovations Ltd, Rousse, Bulgaria 2025